000 00694cam a22002173a 4500
001 41095
003 PGUSA
005 20140828083927.0
008 121017s2012||||xxu|||||s|||||000 | eng d
040 _aPGUSA
_beng
042 _adc
100 1 _aMadison, James,
_d1751-1836
245 1 4 _aThe Journal of the Debates in the Convention which framed the Constitution of the United States, Volume II (of 2)
_h[electronic resource] /
_cJames Madison
260 _bProject Gutenberg,
_c2012
506 _aPublic domain in the USA.
516 _aElectronic text
700 1 _aHunt, Galliard
830 0 _aProject Gutenberg
_v41095
856 4 0 _uhttp://www.gutenberg.org/ebooks/41095
942 _cEB
999 _c270347
_d270347